OATH OF THE VAYUPUTRAS BOOK 3 OF THE SHI (Record no. 27683)

MARC details
000 -LEADER
fixed length control field 00338nam a2200133Ia 4500
008 - FIXED-LENGTH DATA ELEMENTS--GENERAL INFORMATION
fixed length control field 240624s9999 xx 000 0 und d
041 ## - LANGUAGE CODE
Language code of text/sound track or separate title eng
082 ## - DEWEY DECIMAL CLASSIFICATION NUMBER
Classification number 823 AMI
100 ## - MAIN ENTRY--PERSONAL NAME
Personal name AMISH
245 ## - TITLE STATEMENT
Title OATH OF THE VAYUPUTRAS BOOK 3 OF THE SHI
260 ## - PUBLICATION, DISTRIBUTION, ETC.
Date of publication, distribution, etc. 2013
Place of publication, distribution, etc. New Delhi
Name of publisher, distributor, etc. Westland Ltd
300 ## - PHYSICAL DESCRIPTION
Extent xx, : 575 : p. : cm. ; 19
365 ## - TRADE PRICE
Currency code RS
Holdings
Withdrawn status Lost status Damaged status Not for loan Home library Current library Shelving location Date acquired Cost, normal purchase price Total Checkouts Full call number Barcode Date last seen Date last checked out Copy number Price effective from Koha item type
        IMTN IMTN Rack 40-A 07/07/2016 178.00 1 823 AMI 27683 11/05/2024 10/01/2024 1 06/24/2024 Books
Designed & Maintained by: LRC IMT Nagpur Contact: lrc@imtnag.ac.in© 2024. All Rights Reserved.